| 000 | 00670nam a2200241Ia 4500 | ||
|---|---|---|---|
| 003 | OSt | ||
| 005 | 20221005084359.0 | ||
| 006 | a|||||r|||| 00| 0 | ||
| 007 | ta | ||
| 008 | 221004b |||||||| |||| 00| 0 eng d | ||
| 024 | _a80638 | ||
| 037 |
_bGift, 01/01/2005, _cTextual |
||
| 040 |
_aCRL _cCRL _beng |
||
| 041 |
_2eng _aeng |
||
| 082 | _aV73, F7 | ||
| 100 |
_aParrington Vernon Louis _952992 |
||
| 245 | 0 | _aMain currents in American thought | |
| 260 |
_aNew York _bA Harvest Books USA _c1927 |
||
| 300 |
_a485p. _ccm. |
||
| 650 | _aHISTORY | ||
| 942 |
_hV73, F7 _cTEXL _2cc |
||
| 999 |
_c992495 _d992495 |
||